Statistics for Running Up That Hill Kate Bush Lyrics

Click here to take the quiz!

General Stats

  • This quiz has been taken 404 times
  • The average score is 258 of 341

Answer Stats

HintAnswer% Correct
II
100%
Aa
97%
Hhill
97%
Tthat
97%
Rrunning
96%
Uup
96%
Yyou
91%
YYou
91%
Tto
90%
AAnd
88%
Aand
88%
BBe
88%
Bbe
88%
Oon
88%
Wwith
88%
WWith
88%
DDo
87%
Mme
87%
GGod
86%
Mmake
85%
Ddeal
84%
IIf
84%
Iif
84%
Tthe
83%
Ccould
81%
Iit
81%
Rroad
81%
Oonly
78%
Kknow
76%
Gget
75%
Hhim
75%
Wwant
75%
Hhow
74%
II'd
73%
Oour
73%
Hhurt
71%
Nno
70%
Pplaces
70%
Ddoesn't
69%
Sso
69%
Hhear
66%
Iin
66%
Sswap
65%
Ffeels
64%
Ddon't
63%
II'm
59%
Wwanna
59%
Wwe
59%
Iis
55%
IIs
55%
Bbuilding
54%
Ffor
53%
Iit's
51%
IIt's
51%
BBut
50%
Llove
50%
Aabout
49%
Ssee
49%
CCome
45%
Ccome
45%
Ooh
45%
OOh
45%
Tthis
44%
LLet
43%
Mmaking
42%
SSay
42%
Tthere
42%
Pproblems
41%
Ddarling
40%
Bbaby
39%
Ffrom
37%
Hhearts
36%
Mmuch
36%
Nnow
35%
Ddeep
33%
Ttell
33%
Wwon't
33%
LLet's
32%
Oout
32%
Tthunder
32%
Llies
31%
Oones
31%
Aangel
30%
Eexperience
30%
Hhate
30%
Mmoment
29%
Ssteal
28%
Uunhappy
28%
Bbullet
27%
Ttearing
27%
Aasunder
26%
Bboth
26%
Eexchange
26%
Mmatter
25%
Hhappy
23%
UUnaware
19%

Score Distribution

Percentile by Number Answered

Percent of People with Each Score

Your Score History

You have not taken this quiz